The power of film propaganda (Record no. 35771)
[ view plain ]
| 000 -LEADER | |
|---|---|
| fixed length control field | 01326nam a2200337Ia 4500 |
| 100 1# - MAIN ENTRY--AUTHOR NAME | |
| Personal name | Reeves, Nicholas, |
| 245 14 - TITLE STATEMENT | |
| Title | The power of film propaganda |
| 260 ## - PUBLICATION, DISTRIBUTION, ETC. (IMPRINT) | |
| Place of publication | London ; |
| -- | New York : |
| Name of publisher | Continuum : |
| -- | Cassell, |
| Year of publication | 2003, 1999. |
| 300 ## - PHYSICAL DESCRIPTION | |
| Number of Pages | viii, 262 p. |
| 650 #0 - SUBJECT ADDED ENTRY--TOPICAL TERM | |
| Topical Term | Motion pictures in propaganda |
| Topical Term | Politics in motion pictures. |
| Topical Term | Motion pictures in propaganda. |
| Topical Term | Motion pictures |
| 856 40 - ELECTRONIC LOCATION AND ACCESS | |
| Uniform Resource Identifier | http://site.ebrary.com/lib/rucke/Doc?id=10250828 |
No items available.
